|
|
|
|
| LEADER |
02413nam a2200589 i 4500 |
| 001 |
nkc20223470409 |
| 003 |
CZ PrNK |
| 005 |
20230824094906.0 |
| 007 |
ta |
| 008 |
221104s2022 xr a f f 000 0 cze |
| 015 |
|
|
|a cnb003470409
|
| 020 |
|
|
|a 978-80-213-3217-1
|q (brožováno)
|
| 035 |
|
|
|a (OCoLC)1396730596
|
| 040 |
|
|
|a BOA001
|b cze
|d ABA001
|e rda
|
| 041 |
0 |
|
|a cze
|b cze
|b eng
|
| 072 |
|
7 |
|a 631
|x Zemědělství. Pedologie. Agrotechnika. Agroekologie
|2 Konspekt
|9 24
|
| 080 |
|
|
|a 631.442.5:631.8
|2 MRF
|
| 080 |
|
|
|a 635.8.01/.04
|2 MRF
|
| 080 |
|
|
|a 633.88:582.28
|2 MRF
|
| 080 |
|
|
|a 546.23
|2 MRF
|
| 080 |
|
|
|a 546.47
|2 MRF
|
| 080 |
|
|
|a (083.744)
|2 MRF
|
| 100 |
1 |
|
|a Jablonský, Ivan,
|d 1942-
|7 mzk2004261261
|4 aut
|
| 245 |
1 |
0 |
|a Fortifikace substrátů vybraných léčivých druhů hub selenem a zinkem /
|c Ivan Jablonský a kol.
|
| 264 |
|
1 |
|a [Praha] :
|b vlastním nákladem katedry zahradnictví Fakulty agrobiologie, potravinových a přírodních zdrojů - Česká zemědělská univerzita v Praze,
|c 2022
|
| 300 |
|
|
|a 37 stran :
|b ilustrace (převážně barevné) ;
|c 21 cm
|
| 336 |
|
|
|a text
|b txt
|2 rdacontent
|
| 337 |
|
|
|a bez média
|b n
|2 rdamedia
|
| 338 |
|
|
|a svazek
|b nc
|2 rdacarrier
|
| 490 |
1 |
|
|a Certifikovaná metodika
|
| 504 |
|
|
|a Obsahuje bibliografii
|
| 546 |
|
|
|a České a anglické resumé
|
| 650 |
0 |
7 |
|a pěstební substráty
|7 ph943955
|2 czenas
|
| 650 |
0 |
7 |
|a pěstování hub
|7 ph702534
|2 czenas
|
| 650 |
0 |
7 |
|a léčivé houby
|7 ph811651
|2 czenas
|
| 650 |
0 |
7 |
|a selen
|7 ph127055
|2 czenas
|
| 650 |
0 |
7 |
|a zinek
|7 ph137237
|2 czenas
|
| 650 |
0 |
9 |
|a growing substrates
|2 eczenas
|
| 650 |
0 |
9 |
|a mushrooms cultivation
|2 eczenas
|
| 650 |
0 |
9 |
|a medicinal mushrooms
|2 eczenas
|
| 650 |
0 |
9 |
|a selenium
|2 eczenas
|
| 650 |
0 |
9 |
|a zinc
|2 eczenas
|
| 655 |
|
7 |
|a certifikované metodiky
|7 fd806827
|2 czenas
|
| 655 |
|
9 |
|a certified methodology
|2 eczenas
|
| 710 |
2 |
|
|a Česká zemědělská univerzita v Praze.
|b Fakulta agrobiologie, potravinových a přírodních zdrojů.
|b Katedra zahradnictví
|7 ko2009487016
|4 isb
|
| 810 |
2 |
|
|a Česká zemědělská univerzita v Praze.
|t Metodika
|0 s
|
| 910 |
2 |
|
|a BOA001
|b 2-1510.647
|
| 928 |
9 |
|
|a Česká zemědělská univerzita v Praze, Fakulta agrobiologie, potravinových a přírodních zdrojů
|
| 990 |
|
|
|a BK
|
| 995 |
|
|
|a 01
|
| 991 |
|
|
|b 202308
|c NOV
|
| 996 |
6 |
|
|b 2610945631
|c 2-1510.647
|l MZK
|r Sklad / do 1 hodiny
|n 1
|p p.v.
|w 001934628
|u 000010
|a 1
|e BOA001
|j MZK50
|s P
|